| 000 | 00760nam a2200265Ia 4500 | ||
|---|---|---|---|
| 003 | OSt | ||
| 005 | 20220918105607.0 | ||
| 006 | a|||||r|||| 00| 0 | ||
| 007 | ta | ||
| 008 | 220915b |||||||| |||| 00| 0 eng d | ||
| 020 | _a0125890427 | ||
| 024 | _a5493 | ||
| 037 | _cReference Collections | ||
| 040 |
_aARTS _cARTS _beng |
||
| 041 |
_2eng _aeng |
||
| 082 | _aP:(S:4)g, N6(RR) | ||
| 100 |
_aRitchte William C _92491 |
||
| 245 | 0 | _aHandbook of second language acquisition | |
| 260 |
_aCalifornia _bAcademic Press _c1996 |
||
| 300 | _axxv,758p | ||
| 650 | _aLINGUISTICS | ||
| 700 |
_a Bhatia Tej K. ed _92492 |
||
| 942 |
_hP:(S:4)g, N6(RR) _cREF |
||
| 999 |
_c108318 _d108318 |
||